[Event "SM-2017-0-00375"]
[Site "LSS email"]
[Date "2017.06.05"]
[Round "?"]
[White "Kund, Wolfgang"]
[Black "Pascual Perez, Norge"]
[Result "1/2-1/2"]
[WhiteElo "2291"]
[BlackElo "2420"]
[PlyCount "54"]
[EventDate "2017.03.12"]
[EventType "tourn (corr)"]
[EventRounds "6"]
[EventCountry "GER"]
[SourceTitle "Corr 2022"]
[Source "ChessBase"]
[SourceDate "2021.10.24"]
[SourceVersion "1"]
[SourceVersionDate "2021.10.24"]
[SourceQuality "1"]

1. Nf3 d5 2. d4 Nf6 3. c4 e6 4. g3 Bb4+ 5. Bd2 Be7 6. Bg2 0-0 7. 0-0 Nbd7 8. Qb3 c6 9. Rc1 a5 10. a4 Ne4 11. Be1 f5 12. Nc3 g5 13. e3 g4 14. Nd2 Ng5 15. Ne2 Nf6 16. Nf4 Rf7 17. Nd3 Rg7 18. f4 Nf7 19. Ne5 h5 20. Rc2 Nd7 21. Nxd7 Qxd7 22. c5 h4 23. Qc3 Nh8 24. Nb3 Bd8 25. Kf2 Ng6 26. Ke2 Rh7 27. Kd2 Qe8 1/2-1/2

[Event "LSS RM-2010-0-00065"]
[Site "LSS email"]
[Date "2010.12.12"]
[Round "?"]
[White "Kund, Wolfgang"]
[Black "Dolgov, Igor Mikhailovich"]
[Result "1/2-1/2"]
[WhiteElo "2166"]
[BlackElo "2263"]
[PlyCount "78"]
[EventDate "2010.10.10"]
[EventType "tourn (corr)"]
[EventRounds "6"]
[EventCountry "GER"]
[SourceTitle "Telechess CBM 145"]
[Source "Chessbase"]
[SourceDate "2011.11.11"]
[SourceVersion "1"]
[SourceVersionDate "2011.11.11"]
[SourceQuality "1"]

1. Nf3 d5 2. d4 Nf6 3. c4 c6 4. Nc3 dxc4 5. a4 Bf5 6. Nh4 Bd7 7. e4 e6 8. Bxc4 Nxe4 9. Nxe4 Qxh4 10. Qf3 Bb4+ 11. Kf1 f5 12. Ng5 Qxd4 13. Qh5+ Kd8 14. Qe2 Kc7 15. g3 Re8 16. Be3 Qf6 17. Nxh7 Qg6 18. Ng5 Qf6 19. Rd1 c5 20. Rxd7+ Nxd7 21. Nxe6+ Kb6 22. Bd5 a6 23. Qc4 Qxb2 24. Bd4 Qa3 25. Kg2 Rxe6 26. Ra1 Ne5 27. Bxe5 Rxe5 28. Rxa3 Bxa3 29. a5+ Ka7 30. Bxb7 Kxb7 31. Qc3 Rae8 32. Qxa3 Kc7 33. Qb3 R8e6 34. Qc4 g6 35. f4 Re2+ 36. Kh3 Kd8 37. Qxc5 Rd2 38. Qb4 Red6 39. Qc3 Ke7 1/2-1/2

[Event "LSS RM-2010-0-00065"]
[Site "LSS email"]
[Date "2010.12.11"]
[Round "?"]
[White "Kund, Wolfgang"]
[Black "Deghose, Max"]
[Result "1/2-1/2"]
[WhiteElo "2166"]
[BlackElo "2210"]
[PlyCount "50"]
[EventDate "2010.10.10"]
[EventType "tourn (corr)"]
[EventRounds "6"]
[EventCountry "GER"]
[SourceTitle "Telechess CBM 145"]
[Source "Chessbase"]
[SourceDate "2011.11.11"]
[SourceVersion "1"]
[SourceVersionDate "2011.11.11"]
[SourceQuality "1"]

1. Nf3 d5 2. d4 Nf6 3. c4 e6 4. g3 Bb4+ 5. Bd2 Be7 6. Bg2 0-0 7. 0-0 Nc6 8. Qb3 Ne4 9. e3 Nxd2 10. Nbxd2 a5 11. a3 Nb8 12. Qc3 Nd7 13. Rfe1 a4 14. Rac1 c6 15. e4 Re8 16. Qc2 Nf6 17. Re2 h6 18. h3 Nxe4 19. Nxe4 dxe4 20. Qxe4 c5 21. Rd1 Ra6 22. Red2 Qc7 23. dxc5 Bxc5 24. Qe5 Rc6 25. Kh2 g6 1/2-1/2

[Event "SM-2010-0-00125"]
[Site "LSS email"]
[Date "2010.10.04"]
[Round "?"]
[White "Kund, Wolfgang"]
[Black "Markus, Roland"]
[Result "1/2-1/2"]
[WhiteElo "2248"]
[BlackElo "2228"]
[PlyCount "46"]
[EventDate "2010.09.15"]
[EventType "tourn (corr)"]
[EventRounds "6"]
[EventCountry "GER"]
[SourceTitle "Telechess CBM 143"]
[Source "ChessBase"]
[SourceDate "2011.07.15"]
[SourceVersion "1"]
[SourceVersionDate "2011.07.15"]
[SourceQuality "1"]

1. Nf3 Nf6 2. d4 e6 3. c4 b6 4. a3 Bb7 5. Nc3 d5 6. cxd5 Nxd5 7. Bd2 Nd7 8. Nxd5 Bxd5 9. Qc2 c5 10. e4 Bb7 11. d5 exd5 12. exd5 Bd6 13. 0-0-0 0-0 14. Bb5 a6 15. Bc6 Qc7 16. Kb1 Bxc6 17. dxc6 Qxc6 18. Bc3 Bb8 19. Ng5 Qh6 20. Qxh7+ Qxh7+ 21. Nxh7 Rd8 22. Bf6 Re8 23. Rxd7 Kxh7 1/2-1/2

[Event "SM-2010-0-00121"]
[Site "LSS email"]
[Date "2010.09.16"]
[Round "?"]
[White "Kund, Wolfgang"]
[Black "Canizares Cuadra, Pedro"]
[Result "1-0"]
[WhiteElo "2255"]
[BlackElo "2245"]
[PlyCount "87"]
[EventDate "2010.08.25"]
[EventType "tourn (corr)"]
[EventRounds "6"]
[EventCountry "GER"]
[SourceTitle "Telechess CBM 143"]
[Source "ChessBase"]
[SourceDate "2011.07.15"]
[SourceVersion "1"]
[SourceVersionDate "2011.07.15"]
[SourceQuality "1"]

1. Nf3 Nf6 2. d4 e6 3. c4 d5 4. g3 dxc4 5. Bg2 a6 6. 0-0 Nc6 7. e3 Bd7 8. Nc3 Bd6 9. Qe2 b5 10. e4 e5 11. dxe5 Nxe5 12. Nxe5 Bxe5 13. f4 Bxc3 14. bxc3 c6 15. f5 0-0 16. g4 Re8 17. g5 Nd5 18. Bd2 Nb6 19. Rae1 Bc8 20. e5 Nd5 21. Qf2 Qe7 22. Qh4 g6 23. Be4 Ra7 24. Rf3 Rb7 25. Rh3 h5 26. e6 Qc5+ 27. Kg2 Rf8 28. Rf3 gxf5 29. Bxf5 fxe6 30. Qxh5 Rg7 31. g6 Nf4+ 32. Rxf4 Qd5+ 33. Kg1 Qxd2 34. Bxe6+ Bxe6 35. Rxf8+ Kxf8 36. Qc5+ Kg8 37. Rxe6 Qd8 38. Qe5 Qd1+ 39. Kf2 Qc2+ 40. Kf3 Qd3+ 41. Kf4 Qf1+ 42. Kg5 Qg2+ 43. Qg3 Qd2+ 44. Kh5 1-0

[Event "SM-2010-0-00115"]
[Site "LSS email"]
[Date "2010.08.14"]
[Round "?"]
[White "Kund, Wolfgang"]
[Black "De Silva, Dinesh"]
[Result "1/2-1/2"]
[WhiteElo "2212"]
[BlackElo "2211"]
[PlyCount "40"]
[EventDate "2010.07.25"]
[EventType "tourn (corr)"]
[EventRounds "6"]
[EventCountry "GER"]
[SourceTitle "Telechess CBM 149"]
[Source "ChessBase"]
[SourceDate "2012.07.17"]
[SourceVersion "1"]
[SourceVersionDate "2012.07.17"]
[SourceQuality "1"]

1. Nf3 Nf6 2. d4 e6 3. c4 b6 4. g3 Ba6 5. Qa4 Bb7 6. Bg2 c5 7. dxc5 bxc5 8. 0-0 Be7 9. Bf4 0-0 10. Rd1 Qb6 11. Nc3 Rd8 12. Qb3 d6 13. Qxb6 axb6 14. Nb5 Ne8 15. g4 h6 16. Bg3 Na6 17. Ne1 Bxg2 18. Kxg2 Nb4 19. a3 Nc6 20. e4 Rd7 1/2-1/2

[Event "SM-2010-0-00112"]
[Site "LSS email"]
[Date "2010.07.29"]
[Round "?"]
[White "Kund, Wolfgang"]
[Black "Sacerdotali, Sergio"]
[Result "1/2-1/2"]
[WhiteElo "2252"]
[BlackElo "2152"]
[PlyCount "71"]
[EventDate "2010.07.04"]
[EventType "tourn (corr)"]
[EventRounds "6"]
[EventCountry "GER"]
[SourceTitle "Telechess CBM 143"]
[Source "ChessBase"]
[SourceDate "2011.07.15"]
[SourceVersion "1"]
[SourceVersionDate "2011.07.15"]
[SourceQuality "1"]

1. Nf3 g6 2. d4 Bg7 3. c4 c5 4. e4 Qa5+ 5. Bd2 Qb6 6. Bc3 Nc6 7. d5 Nd4 8. Na3 e5 9. dxe6 dxe6 10. e5 Nxf3+ 11. Qxf3 Bd7 12. Nb5 Bxb5 13. cxb5 Ne7 14. Bc4 Rd8 15. Rd1 Rxd1+ 16. Qxd1 0-0 17. 0-0 Nf5 18. Qe1 Qc7 19. f4 Rd8 20. g3 b6 21. Qe4 Qd7 22. Kh1 h5 23. Kg2 Bf8 24. a4 Kg7 25. Re1 Qe7 26. h3 h4 27. g4 Nd4 28. Rf1 Rd7 29. Rd1 Qd8 30. Rd3 Kh7 31. Be1 Kg8 32. b3 Kh7 33. Rd1 Kg7 34. Bc3 Qc8 35. Ba1 Rd8 36. Rd3 1/2-1/2

[Event "SM-2010-0-00112"]
[Site "LSS email"]
[Date "2010.07.29"]
[Round "?"]
[White "Nguyen, Piotr"]
[Black "Kund, Wolfgang"]
[Result "1-0"]
[WhiteElo "2338"]
[BlackElo "2212"]
[PlyCount "67"]
[EventDate "2010.07.04"]
[EventType "tourn (corr)"]
[EventRounds "6"]
[EventCountry "GER"]
[SourceTitle "Telechess CBM 149"]
[Source "ChessBase"]
[SourceDate "2012.07.17"]
[SourceVersion "1"]
[SourceVersionDate "2012.07.17"]
[SourceQuality "1"]

1. d4 Nf6 2. c4 g6 3. Nc3 d5 4. cxd5 Nxd5 5. e4 Nxc3 6. bxc3 Bg7 7. Bc4 c5 8. Ne2 Nc6 9. Be3 0-0 10. 0-0 Bg4 11. f3 Bd7 12. Rb1 Qc7 13. Bf4 Qc8 14. d5 Na5 15. Bd3 e5 16. Be3 c4 17. Bc2 b6 18. f4 exf4 19. Bd4 Qe8 20. Qd2 Be5 21. Bxe5 Qxe5 22. Qxf4 f6 23. Nd4 Qxf4 24. Rxf4 Nb7 25. h4 Nc5 26. Rbf1 Rae8 27. g4 Re5 28. Nf3 Ree8 29. Kg2 Ba4 30. Bb1 Bd7 31. Nd4 g5 32. hxg5 fxg5 33. Rxf8+ Rxf8 34. Rxf8+ 1-0

[Event "SM-2010-0-00105"]
[Site "LSS email"]
[Date "2010.05.28"]
[Round "?"]
[White "Kund, Wolfgang"]
[Black "Simmelink, Joop Theo"]
[Result "1-0"]
[WhiteElo "2222"]
[BlackElo "2178"]
[PlyCount "75"]
[EventDate "2010.05.05"]
[EventType "tourn (corr)"]
[EventRounds "6"]
[EventCountry "GER"]
[SourceTitle "Telechess CBM 145"]
[Source "Chessbase"]
[SourceDate "2011.11.11"]
[SourceVersion "1"]
[SourceVersionDate "2011.11.11"]
[SourceQuality "1"]

1. Nf3 d5 2. d4 c6 3. c4 Nf6 4. Nc3 e6 5. Bg5 h6 6. Bh4 dxc4 7. e4 g5 8. Bg3 b5 9. Be2 Bb7 10. Ne5 Bg7 11. h4 Nbd7 12. Qc2 g4 13. 0-0-0 Nxe5 14. Bxe5 Qa5 15. Kb1 0-0-0 16. a3 h5 17. f3 gxf3 18. Bxf3 Ne8 19. Qf2 f6 20. Bh2 Bf8 21. Qe3 Qb6 22. g4 Bh6 23. Qf2 e5 24. g5 Bg7 25. Bxh5 Rxh5 26. Qf5+ Kb8 27. dxe5 fxe5 28. Bxe5+ Bxe5 29. Qxe5+ Ka8 30. Rxd8+ Qxd8 31. Rd1 Qb8 32. Qe7 Nc7 33. g6 Rh8 34. h5 Re8 35. Qd6 c5 36. Qxc5 Ne6 37. Qd6 b4 38. axb4 1-0

[Event "SM-2010-0-00105"]
[Site "LSS email"]
[Date "2010.05.28"]
[Round "?"]
[White "Marko, Martin"]
[Black "Kund, Wolfgang"]
[Result "1/2-1/2"]
[WhiteElo "2242"]
[BlackElo "2250"]
[PlyCount "67"]
[EventDate "2010.05.05"]
[EventType "tourn (corr)"]
[EventRounds "6"]
[EventCountry "GER"]
[SourceTitle "Telechess CBM 141"]
[Source "ChessBase"]
[SourceDate "2011.03.17"]
[SourceVersion "1"]
[SourceVersionDate "2011.03.17"]
[SourceQuality "1"]

1. c4 c5 2. Nc3 g6 3. g3 Bg7 4. Bg2 Nc6 5. Nf3 e5 6. 0-0 Nge7 7. d3 d6 8. Bd2 0-0 9. a3 a5 10. Rb1 h6 11. Ne1 Be6 12. Nd5 Bd7 13. Nxe7+ Qxe7 14. Nc2 Rfb8 15. Ne3 Qd8 16. Nd5 Ra7 17. b4 axb4 18. axb4 h5 19. b5 Nd4 20. e3 Nf5 21. Qc2 Ne7 22. b6 Ra3 23. Ra1 Rxa1 24. Nxe7+ Qxe7 25. Rxa1 Qe8 26. h4 f5 27. Ra3 Bc6 28. e4 f4 29. gxf4 Bf6 30. Qd1 Bxh4 31. f5 Qf7 32. Bh3 Kf8 33. Kf1 g5 34. f3 1/2-1/2

[Event "LSS BI-2010-P-00002"]
[Site "LSS email"]
[Date "2010.04.19"]
[Round "?"]
[White "Bearce, Harold L"]
[Black "Kund, Wolfgang"]
[Result "0-1"]
[WhiteElo "594"]
[BlackElo "2266"]
[PlyCount "38"]
[EventDate "2010.04.22"]
[EventType "tourn (corr)"]
[EventRounds "10"]
[EventCountry "GER"]
[SourceTitle "Telechess CBM 141"]
[Source "ChessBase"]
[SourceDate "2011.03.17"]
[SourceVersion "1"]
[SourceVersionDate "2011.03.17"]
[SourceQuality "1"]

1. e4 c5 2. Nf3 d6 3. d4 cxd4 4. Nxd4 Nf6 5. Nc3 a6 6. Bc4 e6 7. h3 b5 8. Bd3 Bb7 9. a3 Nbd7 10. Be3 Be7 11. Qd2 0-0 12. f4 Nc5 13. Ke2 Bxe4 14. Kf2 e5 15. b4 exd4 16. Bxd4 Bxd3 17. bxc5 dxc5 18. Qxd3 Qxd4+ 19. Qe3 Qxc3 0-1

[Event "LSS BI-2010-P-00002"]
[Site "LSS email"]
[Date "2010.04.19"]
[Round "?"]
[White "Daenen, Serge"]
[Black "Kund, Wolfgang"]
[Result "1/2-1/2"]
[WhiteElo "2214"]
[BlackElo "2249"]
[PlyCount "127"]
[EventDate "2010.04.22"]
[EventType "tourn (corr)"]
[EventRounds "10"]
[EventCountry "GER"]
[SourceTitle "Telechess CBM 141"]
[Source "ChessBase"]
[SourceDate "2011.03.17"]
[SourceVersion "1"]
[SourceVersionDate "2011.03.17"]
[SourceQuality "1"]

1. d4 Nf6 2. g4 Nxg4 3. e4 d6 4. Be2 Nf6 5. Nc3 g6 6. Bg5 Bg7 7. Qd2 c6 8. Bh6 Bxh6 9. Qxh6 Qa5 10. 0-0-0 Be6 11. Kb1 Nbd7 12. Nf3 d5 13. Ng5 dxe4 14. Nxe6 fxe6 15. f3 exf3 16. Bxf3 0-0-0 17. Rhe1 g5 18. Be2 Nf8 19. Bc4 Rg8 20. Qh3 g4 21. Qe3 Nd5 22. Nxd5 exd5 23. Be2 Qc7 24. Rg1 Kb8 25. Bxg4 Ng6 26. Rdf1 Qxh2 27. Rh1 Rgf8 28. Rfg1 Qf4 29. Qxf4+ Rxf4 30. Rxh7 Rh8 31. Rxh8+ Nxh8 32. Bh5 Rh4 33. Be2 Ng6 34. Kc1 Rh6 35. Rf1 e5 36. dxe5 Rh2 37. Kd1 Nxe5 38. Rf5 Nd7 39. b4 a6 40. Bf1 b5 41. a3 Kc7 42. Kc1 Kd6 43. Rf7 a5 44. Rf4 a4 45. Kb2 Ne5 46. Rf6+ Ke7 47. Rf4 Rh7 48. Kc3 Rf7 49. Rxf7+ Kxf7 50. Bh3 Ke7 51. Kb2 Nc4+ 52. Ka2 Ne3 53. Kb2 d4 54. Bc8 Kd6 55. Bh3 c5 56. bxc5+ Kxc5 57. Be6 b4 58. Bd7 Nd1+ 59. Ka2 Kc4 60. axb4 Kxb4 61. Bf5 Ne3 62. Be4 a3 63. Bg6 Nd5 64. Bf7 1/2-1/2

[Event "LSS SM-2009-0-00088"]
[Site "LSS email"]
[Date "2009.12.09"]
[Round "?"]
[White "Kund, Wolfgang"]
[Black "Markus, Roland"]
[Result "1/2-1/2"]
[WhiteElo "2259"]
[BlackElo "2177"]
[PlyCount "83"]
[EventDate "2009.11.17"]
[EventType "tourn (corr)"]
[EventRounds "6"]
[EventCountry "GER"]
[SourceTitle "Corr 2013"]
[Source "ChessBase"]
[SourceDate "2012.11.12"]
[SourceVersion "1"]
[SourceVersionDate "2012.11.12"]
[SourceQuality "1"]
[WhiteTeam "US of America"]
[BlackTeam "US of America"]
[WhiteTeamCountry "USA"]
[BlackTeamCountry "USA"]

1. Nf3 Nf6 2. d4 d5 3. c4 e6 4. g3 dxc4 5. Bg2 Nc6 6. Qa4 Bb4+ 7. Bd2 Nd5 8. Bxb4 Ndxb4 9. 0-0 Rb8 10. Na3 a6 11. Ne5 0-0 12. Nxc6 Nxc6 13. Bxc6 bxc6 14. Nxc4 Qxd4 15. Qc2 Qc5 16. Rac1 Bb7 17. Rfd1 Rfd8 18. b3 Qg5 19. f3 Rd5 20. Kg2 h5 21. h4 Qe7 22. Ne3 Rdd8 23. Kf2 g6 24. Qc3 e5 25. Nc4 Rxd1 26. Rxd1 Re8 27. e4 Kg7 28. Na5 Ba8 29. Qd2 Rc8 30. Nc4 c5 31. Qd7 Qxd7 32. Rxd7 Kf6 33. Nb2 Ke6 34. Rd1 f5 35. exf5+ Kxf5 36. Rc1 Ke6 37. Rxc5 Rf8 38. Rc3 Rf5 39. Na4 Kd6 40. Rd3+ Ke7 41. Nc5 e4 42. Nxe4 1/2-1/2

[Event "LSS SM-2009-0-00088"]
[Site "LSS email"]
[Date "2009.12.09"]
[Round "?"]
[White "Luzuriaga, Norberto Horacio"]
[Black "Kund, Wolfgang"]
[Result "1/2-1/2"]
[WhiteElo "2336"]
[BlackElo "2260"]
[PlyCount "77"]
[EventDate "2009.11.17"]
[EventType "tourn (corr)"]
[EventRounds "6"]
[EventCountry "GER"]
[SourceTitle "Corr 2013"]
[Source "ChessBase"]
[SourceDate "2012.11.12"]
[SourceVersion "1"]
[SourceVersionDate "2012.11.12"]
[SourceQuality "1"]
[WhiteTeam "US of America"]
[BlackTeam "US of America"]
[WhiteTeamCountry "USA"]
[BlackTeamCountry "USA"]

1. b4 Nf6 2. Bb2 d5 3. e3 Bf5 4. Nf3 e6 5. c4 c6 6. c5 b6 7. d4 a5 8. a3 Be7 9. Nc3 0-0 10. Ne5 h6 11. Bd3 Nfd7 12. Nxd7 Nxd7 13. Bxf5 exf5 14. 0-0 Qc7 15. Qc2 g6 16. Ne2 Rfb8 17. Bc3 a4 18. g3 b5 19. Nf4 Re8 20. Rae1 Nf6 21. f3 Bf8 22. Qf2 Re7 23. Re2 Bg7 24. Kg2 Rae8 25. Rd1 g5 26. Nd3 Qc8 27. Ne5 Nd7 28. Nd3 Nf8 29. h4 f4 30. gxf4 Qf5 31. Kf1 gxf4 32. Nxf4 Ng6 33. Nxg6 fxg6 34. Ke1 Rf7 35. f4 g5 36. hxg5 hxg5 37. Kd2 gxf4 38. Qxf4 Qxf4 39. exf4 1/2-1/2

[Event "LSS RM-2009-0-00037"]
[Site "LSS email"]
[Date "2009.10.19"]
[Round "?"]
[White "Wosch, Arkadiusz Janusz"]
[Black "Kund, Wolfgang"]
[Result "1/2-1/2"]
[WhiteElo "2288"]
[BlackElo "2272"]
[PlyCount "50"]
[EventDate "2009.08.14"]
[EventType "tourn (corr)"]
[EventRounds "6"]
[EventCountry "GER"]
[SourceTitle "Telechess CBM 137"]
[Source "ChessBase"]
[SourceDate "2010.07.15"]
[SourceVersion "1"]
[SourceVersionDate "2010.07.15"]
[SourceQuality "1"]

1. e4 e5 2. Nf3 Nf6 3. Nxe5 d6 4. Nf3 Nxe4 5. d4 d5 6. Bd3 Bd6 7. 0-0 0-0 8. c4 c6 9. Nc3 Nxc3 10. bxc3 dxc4 11. Bxc4 Bg4 12. h3 Bh5 13. Re1 Nd7 14. g4 Bg6 15. Bg5 Qc7 16. Nh4 Nb6 17. Nxg6 hxg6 18. Bb3 Nd5 19. Qd3 Rae8 20. Rab1 Bf4 21. Bxd5 Bxg5 22. Bf3 Rxe1+ 23. Rxe1 Qd6 24. Kg2 Bd8 25. Qb1 Ba5 1/2-1/2